Young Abe Lincoln ; (Record no. 342402)
[ view plain ]
| 000 -LEADER | |
|---|---|
| fixed length control field | 00507nam a2200205Ia 4500 |
| 008 - FIXED-LENGTH DATA ELEMENTS--GENERAL INFORMATION | |
| fixed length control field | 170918s9999 xx 000 0 und d |
| 020 ## - INTERNATIONAL STANDARD BOOK NUMBER | |
| International Standard Book Number | 9781426304378 |
| 050 ## - LIBRARY OF CONGRESS CALL NUMBER | |
| Item number | H289 1996 |
| 100 ## - MAIN ENTRY--PERSONAL NAME | |
| Personal name | Harness, Cheryl |
| 245 ## - TITLE STATEMENT | |
| Title | Young Abe Lincoln ; |
| 245 ## - TITLE STATEMENT | |
| Remainder of title | the frontier days, 1809-1837 / |
| 245 ## - TITLE STATEMENT | |
| Statement of responsibility, etc | Cheryl Harness. |
| 260 ## - PUBLICATION, DISTRIBUTION, ETC. (IMPRINT) | |
| Place of publication, distribution, etc | New York : |
| 260 ## - PUBLICATION, DISTRIBUTION, ETC. (IMPRINT) | |
| Name of publisher, distributor, etc | National Geographic, |
| 260 ## - PUBLICATION, DISTRIBUTION, ETC. (IMPRINT) | |
| Date of publication, distribution, etc | 1996 |
| 300 ## - PHYSICAL DESCRIPTION | |
| Extent | unpaged : |
| 300 ## - PHYSICAL DESCRIPTION | |
| Other physical details | colored illustration ; |
| 300 ## - PHYSICAL DESCRIPTION | |
| Dimensions | 28cm. |
| 500 ## - GENERAL NOTE | |
| General note | 1010 |
| Withdrawn status | Lost status | Damaged status | Home library | Current library | Date acquired | Total Checkouts | Full call number | Barcode | Date last seen | Price effective from | Koha item type |
|---|---|---|---|---|---|---|---|---|---|---|---|
| Stonyhurst Southville International School (Malarayat) | Stonyhurst Southville International School (Malarayat) | 09/18/2017 | LEX H289 1996 | SSISM1474 | 09/18/2017 | 09/18/2017 | Lexile |